000 00462nam a22001577a 4500
005 20251108165221.0
008 250721s1988 xx 000 0 ara d
082 1 4 _a611/فري
100 1 _aفريحات، حكمت عبد الكريم
245 1 0 _aتشريح جسم الإنسان /
264 1 _aعمان :
_bدار الشروق للنشر و التوزيع،
_c1988.
300 _a344ص.
650 1 7 _aالتشريح
942 _2ddc
_cBK
999 _c22391
_d22391